Comentario a la primera epístola a los corintios
Bewaard in:
| Hoofdauteur: | |
|---|---|
| Formaat: | Boek |
| Taal: | Spaans |
| Gepubliceerd in: |
Ciudad de México
Tradición
1983
|
| Reeks: | Colección Santo Tomás de Aquino, 17
|
| Onderwerpen: | |
| Tags: |
Voeg label toe
Geen labels, Wees de eerste die dit record labelt!
|
MARC
| LEADER | 00000nam a2200000 a 4500 | ||
|---|---|---|---|
| 001 | UCM4820 | ||
| 003 | CL-VaPUC | ||
| 008 | 020906e19830000MX |||||||||||||||||spa|d | ||
| 082 | 0 | 4 | |a 189.4 |b TOM |2 21 |
| 100 | |a Tomás de Aquino |d 1220-1274 |c Santo |e author |9 255832 | ||
| 245 | 1 | 0 | |a Comentario a la primera epístola a los corintios |
| 300 | |a 2 v | ||
| 942 | |c BK | ||
| 945 | |d 20020906 00:00:00 |a cmena | ||
| 260 | |a Ciudad de México |b Tradición |c 1983 | ||
| 600 | 0 | |a Pablo de Tarso, Santo |9 321163 | |
| 650 | 0 | |a Escolasticismo |9 264998 | |
| 650 | 0 | |a Epístolas |9 321181 | |
| 650 | 0 | |a Filosofía cristiana |9 265980 | |
| 583 | |a last modification |c 20020906 00:00:00 |k Rodrigo Vera | ||
| 490 | 0 | |a Colección Santo Tomás de Aquino, 17 | |
| 999 | |c 301283 |d 301281 | ||
| 952 | |0 0 |1 0 |4 0 |6 189_400000000000000_TOM_1983 |7 0 |8 P |9 360103 |a BIBEDU |b BIBEDU |c BIBEDU_PB |d 2019-11-21 |h v.1 |i 3834646 |o 189.4 TOM 1983 |p 3834646 |r 2024-01-25 |w 2019-11-21 |y BK |k FIL | ||
| 952 | |0 0 |1 0 |4 0 |6 189_400000000000000_TOM_1983 |7 0 |8 P |9 360104 |a BIBEDU |b BIBEDU |c BIBEDU_PB |d 2019-11-21 |h v.2 |i 3834654 |o 189.4 TOM 1983 |p 3834654 |r 2024-01-25 |w 2019-11-21 |y BK |k FIL | ||